[Event "Hastings Masters"]
[Site "Horntye, Hastings"]
[Date "2018.01.03"]
[Round "7.4"]
[White "Fier, Alexandr"]
[Black "Derakhshani, Borna"]
[Result "1/2-1/2"]
[BlackElo "2298"]
[WhiteElo "2576"]
[LiveChessVersion "1.4.8"]

1. d4 {[%clk 1:38:09]} Nf6 {[%clk 1:40:53]} 2. c4 {[%clk 1:38:36]} e6
{[%clk 1:41:18]} 3. Nc3 {[%clk 1:39:03]} Bb4 {[%clk 1:41:30]} 4. e3
{[%clk 1:39:27]} c5 {[%clk 1:40:54]} 5. Nge2 {[%clk 1:39:52]} d5 {[%clk 1:40:16]}
6. a3 {[%clk 1:38:52]} Bxc3+ {[%clk 1:39:29]} 7. Nxc3 {[%clk 1:39:17]} cxd4
{[%clk 1:39:10]} 8. exd4 {[%clk 1:39:41]} dxc4 {[%clk 1:39:07]} 9. Bxc4
{[%clk 1:40:06]} Nc6 {[%clk 1:39:29]} 10. Be3 {[%clk 1:40:32]} O-O
{[%clk 1:34:03]} 11. O-O {[%clk 1:40:54]} Nd5 {[%clk 1:30:18]} 12. Qf3
{[%clk 1:32:14]} Nxe3 {[%clk 1:28:29]} 13. Qxe3 {[%clk 1:28:39]} Qxd4
{[%clk 1:28:03]} 14. Qe2 {[%clk 1:27:20]} e5 {[%clk 1:25:21]} 15. Kh1
{[%clk 1:25:56]} Bf5 {[%clk 1:07:55]} 16. Rad1 {[%clk 1:26:13]} Qg4
{[%clk 1:08:07]} 17. f3 {[%clk 1:25:45]} Qg6 {[%clk 1:07:41]} 18. Bd5
{[%clk 1:26:12]} Rae8 {[%clk 1:05:33]} 19. Qf2 {[%clk 1:20:41]} a6
{[%clk 0:39:39]} 20. Qc5 {[%clk 1:18:47]} Nd8 {[%clk 0:32:52]} 21. Rfe1
{[%clk 1:17:46]} Ne6 {[%clk 0:29:50]} 22. Bxe6 {[%clk 1:14:42]} Qxe6
{[%clk 0:22:39]} 23. Nd5 {[%clk 1:11:31]} f6 {[%clk 0:19:00]} 24. Nc7
{[%clk 1:09:59]} Qe7 {[%clk 0:19:21]} 25. Qd5+ {[%clk 1:10:25]} Be6
{[%clk 0:19:45]} 26. Qxb7 {[%clk 1:10:43]} Rc8 {[%clk 0:15:39]} 27. Rc1
{[%clk 1:11:09]} Rfd8 {[%clk 0:06:10]} 28. Qxa6 {[%clk 1:10:52]} Rxc7
{[%clk 0:06:35]} 29. Rxc7 {[%clk 1:11:18]} Qxc7 {[%clk 0:07:01]} 30. Qxe6+
{[%clk 1:11:44]} Kh8 {[%clk 0:06:24]} 31. f4 {[%clk 1:09:33]} Qa5
{[%clk 0:05:31]} 32. b4 {[%clk 1:07:55]} Qxa3 {[%clk 0:05:57]} 33. Qb6
{[%clk 1:03:45]} Qa8 {[%clk 0:04:45]} 34. fxe5 {[%clk 1:02:56]} fxe5
{[%clk 0:04:58]} 35. Qa5 {[%clk 1:03:04]} Qb8 {[%clk 0:04:06]} 36. h3
{[%clk 1:03:10]} e4 {[%clk 0:04:13]} 37. Qc5 {[%clk 1:02:17]} Re8
{[%clk 0:03:10]} 38. Qc6 {[%clk 1:00:04]} e3 {[%clk 0:02:30]} 39. b5
{[%clk 1:00:30]} e2 {[%clk 0:02:01]} 40. b6 {[%clk 1:00:56]} Re7 {[%clk 0:00:40]}
41. Qc5 {[%clk 0:59:24]} Qe8 {[%clk 0:34:55]} 42. Qb4 {[%clk 1:46:27]} Qf7
{[%clk 0:35:00]} 43. Qd2 {[%clk 1:45:13]} h6 {[%clk 0:33:09]} 44. Kh2
{[%clk 1:45:21]} Qf6 {[%clk 0:30:28]} 45. Qd8+ {[%clk 1:44:46]} Kh7
{[%clk 0:30:49]} 46. Qd3+ {[%clk 1:45:13]} Qg6 {[%clk 0:29:54]} 47. Qxg6+
{[%clk 1:44:25]} Kxg6 {[%clk 0:30:19]} 48. Kg3 {[%clk 1:44:54]} Rb7
{[%clk 0:30:38]} 49. Rxe2 {[%clk 1:45:20]} Rxb6 {[%clk 0:31:03]} 1/2-1/2

[Event "Hastings Masters"]
[Site "Horntye, Hastings"]
[Date "2018.01.03"]
[Round "7.25"]
[White "Ramstad, Havard"]
[Black "Willow, Jonah B"]
[Result "1/2-1/2"]
[BlackElo "2152"]
[WhiteElo "1965"]
[LiveChessVersion "1.4.8"]

1. d4 {[%clk 1:40:57]} Nf6 {[%clk 1:40:47]} 2. c4 {[%clk 1:39:54]} c5
{[%clk 1:41:11]} 3. Nf3 {[%clk 1:39:50]} cxd4 {[%clk 1:40:28]} 4. Nxd4
{[%clk 1:40:13]} Nc6 {[%clk 1:40:21]} 5. Nc2 {[%clk 1:40:17]} e6 {[%clk 1:39:25]}
6. g3 {[%clk 1:39:56]} Qb6 {[%clk 1:38:47]} 7. Bg2 {[%clk 1:38:52]} h5
{[%clk 1:37:40]} 8. h4 {[%clk 1:37:06]} Ng4 {[%clk 1:34:18]} 9. O-O
{[%clk 1:29:10]} Be7 {[%clk 1:32:19]} 10. Nc3 {[%clk 1:28:00]} Na5
{[%clk 1:00:31]} 11. b3 {[%clk 1:07:28]} Bf6 {[%clk 1:00:16]} 12. Ne4
{[%clk 0:55:39]} Bxa1 {[%clk 0:54:53]} 13. Nd6+ {[%clk 0:54:44]} Kf8
{[%clk 0:54:58]} 14. Ba3 {[%clk 0:54:02]} Kg8 {[%clk 0:55:01]} 15. Qxa1
{[%clk 0:53:29]} Rh6 {[%clk 0:53:42]} 16. Qd4 {[%clk 0:50:58]} Qxd4
{[%clk 0:53:04]} 17. Nxd4 {[%clk 0:51:15]} Nc6 {[%clk 0:53:14]} 18. N4b5
{[%clk 0:45:27]} b6 {[%clk 0:47:06]} 19. Bc1 {[%clk 0:41:47]} Rh8
{[%clk 0:41:52]} 20. Rd1 {[%clk 0:41:04]} Nf6 {[%clk 0:38:33]} 21. Nd4
{[%clk 0:30:57]} Ba6 {[%clk 0:26:17]} 22. b4 {[%clk 0:26:52]} Rd8
{[%clk 0:24:26]} 23. Bxc6 {[%clk 0:24:28]} dxc6 {[%clk 0:24:19]} 24. Nxc6
{[%clk 0:23:32]} Ra8 {[%clk 0:19:43]} 25. b5 {[%clk 0:23:36]} Bc8
{[%clk 0:19:57]} 26. Nxc8 {[%clk 0:23:51]} Rxc8 {[%clk 0:20:23]} 27. Ne7+
{[%clk 0:23:35]} Kh7 {[%clk 0:20:46]} 28. Nxc8 {[%clk 0:23:30]} Rxc8
{[%clk 0:20:57]} 29. Bg5 {[%clk 0:20:34]} Rxc4 {[%clk 0:20:54]} 30. Bxf6
{[%clk 0:16:26]} gxf6 {[%clk 0:21:04]} 31. Rd7 {[%clk 0:12:56]} Ra4
{[%clk 0:20:51]} 32. Rxf7+ {[%clk 0:11:30]} Kg6 {[%clk 0:21:07]} 33. Re7
{[%clk 0:10:31]} e5 {[%clk 0:19:47]} 34. Kg2 {[%clk 0:04:56]} Rxa2
{[%clk 0:19:57]} 35. Kf3 {[%clk 0:04:31]} Ra5 {[%clk 0:17:21]} 36. Ke3
{[%clk 0:03:33]} Kf5 {[%clk 0:17:08]} 37. Rh7 {[%clk 0:02:43]} Rxb5
{[%clk 0:17:08]} 38. Rxa7 {[%clk 0:02:52]} Rb2 {[%clk 0:16:38]} 39. Rh7
{[%clk 0:02:58]} Kg6 {[%clk 0:16:54]} 40. Rb7 {[%clk 0:03:17]} b5
{[%clk 0:17:06]} 41. f3 {[%clk 0:02:41]} b4 {[%clk 0:16:38]} 42. g4
{[%clk 0:02:27]} b3 {[%clk 0:15:14]} 43. Rb6 {[%clk 0:01:40]} hxg4
{[%clk 0:09:33]} 44. fxg4 {[%clk 0:01:58]} Rb1 {[%clk 0:09:43]} 45. g5
{[%clk 0:01:32]} Rh1 {[%clk 0:09:20]} 46. Rxf6+ {[%clk 0:48:25]} Kg7
{[%clk 0:59:18]} 47. Rb6 {[%clk 0:48:05]} Rxh4 {[%clk 0:59:39]} 48. Kd2
{[%clk 0:42:15]} Rh3 {[%clk 0:59:17]} 49. e3 {[%clk 0:42:10]} Rh2+
{[%clk 0:58:44]} 50. Kd3 {[%clk 0:42:23]} b2 {[%clk 0:56:48]} 51. Ke4
{[%clk 0:42:17]} Re2 {[%clk 0:57:01]} 52. Kxe5 {[%clk 0:42:07]} Rxe3+
{[%clk 0:57:26]} 53. Ke4 1/2-1/2